[Event "Topusko op 3rd"]
[Site "Topusko"]
[Date "2014.08.13"]
[Round "7"]
[White "Ghersinich, Enrico"]
[Black "Lo Nigro, Angelo"]
[Result "1/2-1/2"]
[WhiteElo "1652"]
[BlackElo "1852"]
[PlyCount "122"]
[EventDate "2014.08.08"]
[EventType "swiss"]
[EventRounds "9"]
[EventCountry "CRO"]
[SourceTitle "CBM 162 Extra"]
[Source "ChessBase"]
[SourceDate "2014.10.17"]
[SourceVersion "1"]
[SourceVersionDate "2014.10.17"]
[SourceQuality "1"]

1. d4 d5 2. c4 e6 3. Nc3 Nf6 4. Bg5 Nbd7 5. cxd5 exd5 6. Nf3 c6 7. e3 h6 8. Bh4 Be7 9. Bd3 Ne4 10. Bxe7 Qxe7 11. 0-0 Ndf6 12. h3 Bf5 13. Ne5 Nxc3 14. bxc3 Ne4 15. Qc2 Qf6 16. Rab1 Rb8 17. f3 Ng3 18. Bxf5 Nxf5 19. Rfe1 Ne7 20. e4 Qe6 21. Qa4 0-0 22. Qxa7 Ng6 23. exd5 cxd5 24. Qb6 Qc8 25. Nxg6 fxg6 26. Qxg6 Qxc3 27. Qe6+ Kh8 28. Qxd5 Rfd8 29. Qc5 Qxd4+ 30. Qxd4 Rxd4 31. Rb2 Ra4 32. Ree2 Kg8 33. Kf2 Kf7 34. g4 g5 35. Rb6 Ra6 36. Reb2 Rba8 37. Rxb7+ Kg8 38. Rb8+ Rxb8 39. Rxb8+ Kg7 40. Rb2 Ra3 41. Kg3 Kf6 42. Rf2 Kg6 43. h4 Kf6 44. hxg5+ hxg5 45. Re2 Kf7 46. Kg2 Kf6 47. Kf2 Kf7 48. Ke1 Kf6 49. Rb2 Kg6 50. Ke2 Kf6 51. Rb6+ Ke5 52. Rb5+ Kf6 53. Rb6+ Kf7 54. Rd6 Rxa2+ 55. Ke3 Ra4 56. Rd4 Ra3+ 57. Ke4 Rb3 58. Rd6 Ra3 59. Rd3 Ra4+ 60. Ke5 Rf4 61. Re3 Kg6 1/2-1/2